| 000 | 01526naa a22003617a 4500 | ||
|---|---|---|---|
| 001 | BR7904516 | ||
| 003 | BR-BrBNA | ||
| 005 | 20240918174421.0 | ||
| 007 | ta | ||
| 008 | 230509b bl.||||| |||| 00| 0 por d | ||
| 040 |
_aBR-BrBNA _bpor _cBiblioteca Nacional de Agricultura |
||
| 041 | _a(Pt) | ||
| 072 |
_aF30 _b1440 _bG514 |
||
| 090 | _aF30 BR7904516 | ||
| 100 | 1 | _aPaiva, J.B. | |
| 100 | 1 | _aAlves, J.F. | |
| 100 | 1 | _aOliveira, F.J. de | |
| 100 | 1 | _aTeofilo, E.M. | |
| 245 | 1 | _aCompeticao de cultivares de feijao de corda, Vigna sinensis (L.)Savi em dois municipios do Estado do Ceara [Comportamento de variedade; Quixada; Pacatuba; Brasil] | |
| 246 | 1 | _a[Comparison of cowpea cultivars, Vigna sinensis (L.)Savi, in two counties of Ceara state [Variety behaviour; Quixada; Pacatuba; Brazil]] | |
| 246 | 1 |
_a[The SUDENE/UFC/FCPC Convention. Research programme for bean plant] _b[Research report - 1978] |
|
| 260 | 3 |
_aFortaleza, CE (Brasil): _c1979. |
|
| 500 | _aConvenio SUDENE/UFC/FCPC. Programa de pesquisa com a cultura do feijoeiro Fortaleza, CE (Brasil): 1979. p. 10-21 (BR7904516-AM)F30 | ||
| 650 | _aMelhoramento genetico vegetal | ||
| 650 | _aFeijao de corda | ||
| 650 | _aCompeticao de variedade | ||
| 650 | _aComportamento de variedade | ||
| 650 | _aQuixada | ||
| 650 | _aCeara | ||
| 773 | 0 |
_tConvenio SUDENE/UFC/FCPC. Programa de pesquisa com a cultura do feijoeiro _b _wF30 BR7904516 _gFortaleza, CE (Brasil), 1979. p. 10-21 |
|
| 909 |
_a202404 _bLucia _c55 _dLucia Elande |
||
| 942 |
_cAM _2AGRIS |
||
| 999 |
_c311109 _d311109 |
||